| 000 | 00335nam a22001217a 4500 | ||
|---|---|---|---|
| 082 | _a220 PRO | ||
| 100 |
_aSAAD, ZARNEEL, UMAR _971541 |
||
| 245 | _aPR-SOF-1322-DIGITAL DESIGN OF GRAPHICS PROCESS NG UNIT | ||
| 260 |
_aISLAMABAD _bNUST COLLEGE OF EME _c2013 |
||
| 650 | _a DE-COMP-31 | ||
| 700 |
_a DR SHOAB A KHAN _918474 |
||
| 942 | _cCR | ||
| 999 |
_c578001 _d578001 |
||